| 000 | 00811cam a2200265 a 4500 | ||
|---|---|---|---|
| 001 | 54480 | ||
| 003 | BD-RjUL | ||
| 005 | 20211209080128.0 | ||
| 008 | 161107s1981 bg abf 000 0 eng | ||
| 020 | _cTk50.00 ($5.00 U.S.) | ||
| 035 | _a(BD-RjUL)54602 | ||
| 040 |
_aDLC _cDLC _dDLC _beng |
||
| 041 | 0 | _aengara | |
| 082 | 0 | 0 |
_a956.94 _223 _bABP 1981 |
| 100 | 2 |
_aAbdul Jalil, A. M. M. _q(Abul Mokarim Mohammad), _d1930- _9162545 |
|
| 245 | 1 | 4 |
_aThe Palestine issue and the Muslim world / _c[A.M.M. Abdul Jalil]. |
| 250 | _a2nd ed. | ||
| 260 |
_aDacca, Bangladesh : _bA.M.M. Abdul Jalil, _c1981. |
||
| 300 |
_ax, 191 p. : _bill. ; _c23 cm. |
||
| 500 | _aArabic and English. | ||
| 650 | 0 |
_aJewish-Arab relations. _9141298 |
|
| 650 | 0 |
_aZionism. _9129954 |
|
| 942 |
_2ddc _cBK |
||
| 999 |
_c54480 _d54480 |
||